000
00260nam a2200133Ia 4500
100
_a
Borg
942
_c
BK
654
_a
Matrix
245
_a
Matrixtensor Methods
260
_b
East west press
_c
2001
082
_a
530.1
300
_a
313
546
_a
ENGLISH
999
_c
33202
_d
33202